000
00327 a2200109 4500
001
ART_14661
005
20260410161913.0
008
260409a
245
1
0
_a
The pereption of welfare inequality
100
1
_a
Van Praag, Bernard
773
0
_t
European economic review
_g
- Vol. 10, NÂș 2 (nov. 1977)
_w
REV13346
999
_c
26971
_d
26971